Rights of parking and the ouster principle after Batchelor v Marlow (Record no. 79101)
[ view plain ]
| 000 -LEADER | |
|---|---|
| fixed length control field | 01808cab a22003375a 4500 |
| 001 - CONTROL NUMBER | |
| control field | L139840 |
| 008 - FIXED-LENGTH DATA ELEMENTS--GENERAL INFORMATION | |
| fixed length control field | 070814s2007 xxk f 000 0 eng d |
| 035 ## - SYSTEM CONTROL NUMBER | |
| System control number | (Sirsi) u139840 |
| 041 0# - LANGUAGE CODE | |
| Language code of text/sound track or separate title | eng |
| 100 1# - MAIN ENTRY--PERSONAL NAME | |
| Personal name | Hill-Smith, Alexander |
| 245 00 - TITLE STATEMENT | |
| Title | Rights of parking and the ouster principle after Batchelor v Marlow |
| 260 ## - PUBLICATION, DISTRIBUTION, ETC. | |
| Date of publication, distribution, etc. | 2007 |
| 490 #0 - SERIES STATEMENT | |
| Series statement | Conveyancer and Property Lawyer |
| Volume/sequential designation | May-June 2007, 223-234(12) |
| 520 ## - SUMMARY, ETC. | |
| Summary, etc. | This article is concerned with when and under what circumstances an easement of parking will be legally recognised. Difficult questions arise in relation to the easement of parking because of the application of the ouster principle. In simple terms, the ouster principle says that an easement cannot arise where the effect of the purported easement is such as to exclude the beneficial owner from all reasonable use of his or her land that is subject to the easement. Looks critically at the principle authorities on the ouster principle, and considers how this principle has been applied in the context of easements of parking, with reference to "Batchelor v Marlow" ([2001] EWCA Civ 1051), X115650) and other case law. [Taken from journal abstract]. |
| 590 ## - LOCAL NOTE (RLIN) | |
| Local note | KA |
| 650 24 - SUBJECT ADDED ENTRY--TOPICAL TERM | |
| Topical term or geographic name entry element | BATCHELOR V MARLOW |
| 650 24 - SUBJECT ADDED ENTRY--TOPICAL TERM | |
| Topical term or geographic name entry element | ATTORNEY GENERAL OF SOUTHERN NIGERIA V JOHN HOLT AND CO (LIVERPOOL) LTD |
| 650 24 - SUBJECT ADDED ENTRY--TOPICAL TERM | |
| Topical term or geographic name entry element | WRIGHT V MACADAM |
| 650 24 - SUBJECT ADDED ENTRY--TOPICAL TERM | |
| Topical term or geographic name entry element | COPELAND V GREENHALF |
| 650 24 - SUBJECT ADDED ENTRY--TOPICAL TERM | |
| Topical term or geographic name entry element | RE ELLENBOROUGH PARK |
| 650 24 - SUBJECT ADDED ENTRY--TOPICAL TERM | |
| Topical term or geographic name entry element | LONDON AND BLENHEIM ESTATES V LADBROKE RETAIL PARKS LTD |
| 650 24 - SUBJECT ADDED ENTRY--TOPICAL TERM | |
| Topical term or geographic name entry element | MILLER V EMCER PRODUCTS LTD |
| 650 24 - SUBJECT ADDED ENTRY--TOPICAL TERM | |
| Topical term or geographic name entry element | JACKSON V MULVANEY |
| 650 24 - SUBJECT ADDED ENTRY--TOPICAL TERM | |
| Topical term or geographic name entry element | NEWMAN V JONES |
| 650 24 - SUBJECT ADDED ENTRY--TOPICAL TERM | |
| Topical term or geographic name entry element | SAEED V PLUSTRADE |
| 650 24 - SUBJECT ADDED ENTRY--TOPICAL TERM | |
| Topical term or geographic name entry element | MONTROSE COURT HOLDINGS V SHAMASH |
| 650 24 - SUBJECT ADDED ENTRY--TOPICAL TERM | |
| Topical term or geographic name entry element | DYCE V HAY |
| 651 #4 - SUBJECT ADDED ENTRY--GEOGRAPHIC NAME | |
| Geographic name | England and Wales |
| Chronological subdivision | 1543- |
| 690 ## - LOCAL SUBJECT ADDED ENTRY--TOPICAL TERM (OCLC, RLIN) | |
| Topical term or geographic name as entry element | Boundary disputes |
| 9 (RLIN) | 6221 |
| 942 ## - ADDED ENTRY ELEMENTS (KOHA) | |
| Suppress in OPAC | 0 |
| Withdrawn status | Lost status | Source of classification or shelving scheme | Damaged status | Not for loan | Home library | Current library | Shelving location | Date acquired | Total Checkouts | Full call number | Barcode | Date last seen | Copy number | Price effective from | Koha item type |
|---|---|---|---|---|---|---|---|---|---|---|---|---|---|---|---|
| Dewey Decimal Classification | London | London | Journal article | 14/08/2007 | L139840 | 139840-1001 | 06/08/2019 | 1 | 06/08/2019 | Journal article |